000 00955nam a2200277 4500
003 EG-GICUC
005 20260227122107.0
008 260227s1964 it ||||fr|||| 00| 0 ita d
040 _aEG-GiCUC
_cEG-GiCUC
_dEG-GiCUC
_eRda
_bita
041 0 _aita
082 0 4 _221
_a341
_bBI . D
092 0 4 _221
099 _aLaw1 341 BI . D 1964
100 1 _aBiscottini, Giuseppe
_eAuthor.
245 1 0 _aDiritto amministrativo internazionale.
_nTome Primo,
_bLa rilevanzna degli ; atti amministrativi stranieri /
_cGiuseppe Biscottini.
264 1 _aPadova :
_bCedam - Casa Editrice Droit,
_c1964.
300 _a433 page ;
_c 24 cm.
336 _2rda contenu
_a texte
337 _2rda medias
_aOrdinateur
338 _2 transporteur rda
_a Ressource en ligne
546 _a Text in Italian
650 1 4 _2القانون الدولي الإداري
856 4 0 _uhttps://fll.law.cu.edu.eg/fulltext/bks/B11-07994.pdf
905 _a30
942 _2ddc
_cBK
_e21
_n0
999 _c64299
_d64299